Educación general básica y nueva matemática

Guardat en:
Dades bibliogràfiques
Autor principal: Sánchez Cuesta, Manuel (Autor)
Format: Llibre
Idioma:espanyol
Publicat: Madrid Marsiega 1973
Matèries:
Etiquetes: Afegir etiqueta
Sense etiquetes, Sigues el primer a etiquetar aquest registre!

MARC

LEADER 00000nam a2200000 a 4500
001 UCZ7368
003 CL-VaPUC
008 951228e19730000SP |||||||||||||||||spa|d
082 0 4 |a 372.7  |b SAN  |2 21 
100 0 |a Sánchez Cuesta, Manuel  |e author  |9 352208 
245 1 0 |a Educación general básica y nueva matemática 
300 |a 127 p 
942 |c BK 
945 |d 19951228 00:00:00  |a lriquelm 
260 |a Madrid  |b Marsiega  |c 1973 
650 0 |a Matemática  |9 260235 
650 0 |a Educación básica   |9 224933 
650 0 |a Métodos de enseñanza  |9 270413 
583 |a last modification  |c 19951228 00:00:00  |k Rodrigo Vera 
999 |c 243458  |d 243456 
952 |0 0  |1 0  |4 0  |6 372_700000000000000_SAN_1973  |7 0  |8 P  |9 257090  |a BIBEDU  |b BIBEDU  |c BIBEDU_PB  |d 2019-11-19  |i 1611933  |o 372.7 SAN 1973  |p 1611933  |r 2024-01-25  |w 2019-11-19  |y BK  |k EDU